000 00283nam a22001217a 4500
008 170713b xxu||||| |||| 00| 0 eng d
041 _aeng
080 _210TH
_a038
100 _a23
101 _aFJA
245 _aMERRIAM-WEBSTER'S COLLEGIATE DICTIONARY
_cMISH,F.C
942 _2udc
_cBK
999 _c20452
_d20452